02109cam a22003495i 4500999001700000001001000017003000900027005001700036008004100053020002500094020002200119040004500141082002300186100003200209245011500241264011800356264009400474300002800568336002600596337002800622338002700650504005100677520071100728650002701439653002501466655001701491700003401508700002901542700002701571942001201598952014901610 c27667d27638015442783EG-ScBUE20191003130256.0091204s2010 enk f b 001 0 eng d a9780745328973 (pbk.) a0745328970 (pbk.) aStDuBDSbengerdacStDuBDSdUkdEG-ScBUE04a956.70443bOTT2221 aOtterman, Michael,eauthor.10aErasing Iraq :bthe human costs of carnage /cMichael Otterman and Richard Hil with Paul Wilson ; Dahr Jamail. 1aLondon ;aNew York :bPluto :bin association with the Plumbing Trades Employee Union of Australia (PTEU),c2010. 2aNew York :bDistributed in the United States of America exclusively by Palgrave Macmillan axvi, 248 pages ;c22 cm atextbtxt2rdacontent aunmediatedbn2rdamedia avolumebnc2rdacarrier aIncludes bibliographical references and index. aFor nearly two decades, the US and its allies have prosecuted war and aggression in Iraq. Erasing Iraq shows in unparalleled detail the devastating human cost.Western governments and the mainstream media continue to ignore or play down the human costs of the war on Iraqi citizens This has allowed them to present their role as the benign guardians of Iraqi interests. The authors deconstruct this narrative by presenting a portrait of the total carnage in Iraq today as told by Iraqis and other witnesses who experienced it firsthand.Featuring in-depth interviews with Iraqi refugees in Syria, Jordan and Western countries, Erasing Iraq is a comprehensive and moving account of the Iraqi people's tragedy. 7aIraq War, 2003-2BUEsh bMASPPSScOctober2019 vReading book1 aHil, Richard,d1953-eauthor.1 aWilson, Paul R.eauthor.1 aJamail, Dahr,eeditor. 2ddccBB 00102ddc40708BaccahaMAINbMAINc1STd2019-10-03ePurchaseg620.00l0o956.70443 OTTp000048123r2025-07-15 00:00:00v775.00w2019-10-03yBB